Catálogo

Vista normal Vista MARC

Entrada Personal Name

Número de registros utilizados en: 1

001 - CONTROL NUMBER

  • control field: 5007

003 - CONTROL NUMBER IDENTIFIER

  • control field: DLC

005 - DATE AND TIME OF LATEST TRANSACTION

  • control field: 20230519142938.0

008 - FIXED-LENGTH DATA ELEMENTS

  • fixed length control field: 100903n| acannaabn |a aaa

010 ## - LIBRARY OF CONGRESS CONTROL NUMBER

  • LC control number: n 2010058146

040 ## - CATALOGING SOURCE

  • Original cataloging agency: DLC
  • Language of cataloging: spa
  • Transcribing agency: Mx-PuUPA
  • Modifying agency: Mx-PuUPA
  • Description conventions: rda

100 1# - HEADING--PERSONAL NAME

  • Personal name: Méndez Cruz, José Ricardo,

372 ## - FIELD OF ACTIVITY

  • Field of activity: Derecho
  • Field of activity: Leyes

374 ## - OCCUPATION

  • Occupation: Autor

375 ## - GENDER

  • Gender: Hombre

377 ## - ASSOCIATED LANGUAGE

  • Language code: spa

400 1# - SEE FROM TRACING--PERSONAL NAME

  • Personal name: Cruz, José Ricardo Méndez

400 1# - SEE FROM TRACING--PERSONAL NAME

  • Personal name: Méndez, Ricardo
  • Fuller form of name: (José Ricardo Méndez Cruz)

670 ## - SOURCE DATA FOUND

  • Source citation: Méndez Cruz, José Ricardo. Derecho laboral, c2009:
  • Information found: t.p. (José Ricardo Méndez Cruz, facultad de contaduría y administración, Universidad Nacional Autónoma de Mexico) cover (Ricardo Méndez)

670 ## - SOURCE DATA FOUND

  • Source citation: Derecho laboral : un enfoque práctico, ©2014